[Event "72.Camp. 5  Interprov.PD-RO"]
[Site "Monselice ITA"]
[Date "2012.01.13"]
[Round "1.12"]
[White "Rosina, Graziano"]
[Black "De Vito, Angelo"]
[Result "1-0"]
[WhiteElo "1824"]
[BlackElo "1401"]
[Annotator "Gabriele Ballarin"]
[PlyCount "65"]
[EventDate "2012.01.13"]
[EventType "swiss"]
[EventRounds "5"]
[EventCountry "ITA"]

1. Nf3 d5 2. d4 e6 3. c4 dxc4 4. Qa4+ Qd7 5. Qxc4 Nf6 6. Nc3 a6 7. Ne5 Qd8 8. Bg5 Be7 9. Rd1 c6 10. e3 Nbd7 11. Be2 Nb6 12. Qb3 Nbd5 13. O-O O-O 14. Bf3 Nd7 15. Bxe7 Qxe7 16. Nd3 b5 17. e4 Nxc3 18. Qxc3 Bb7 19. Nc5 Nxc5 20. dxc5 Rfd8 21. e5 Rxd1 22. Rxd1 a5 23. Rd6 b4 24. Qd4 Ba6 25. Rd7 Qg5 26. h3 Qc1+ 27. Kh2 g6 28. Bxc6 Rb8 29. Rd8+ Rxd8 30. Qxd8+ Kg7 31. Qf6+ Kf8 32. Qh8+ Ke7 33. Qe8# 1-0

[Event "72.Camp. 5  Interprov.PD-RO"]
[Site "Monselice ITA"]
[Date "2012.01.14"]
[Round "2.1"]
[White "Gastiaburo, Hernan"]
[Black "Franco, Alessandro P"]
[Result "1-0"]
[WhiteElo "2235"]
[BlackElo "1889"]
[Annotator "Gabriele Ballarin"]
[PlyCount "39"]
[EventDate "2012.01.13"]
[EventType "swiss"]
[EventRounds "5"]
[EventCountry "ITA"]

1. c4 d5 2. cxd5 Nf6 3. Nc3 Nxd5 4. Nf3 Nc6 5. e4 Ndb4 6. d3 Bg4 7. a3 Bxf3 8. gxf3 Na6 9. b4 Nd4 10. f4 e6 11. Be3 c6 12. Bg2 Nc7 13. O-O Ncb5 14. Nxb5 Nxb5 15. d4 Qd6 16. a4 Nc3 17. Qc2 Qxb4 18. Rfc1 Nxe4 19. Bxe4 Qe7 20. Bxc6+ 1-0

[Event "72.Camp. 5  Interprov.PD-RO"]
[Site "Monselice ITA"]
[Date "2012.01.14"]
[Round "2.2"]
[White "Borin, Fabio"]
[Black "Schoonhoven, Edger"]
[Result "1-0"]
[WhiteElo "2110"]
[BlackElo "1880"]
[Annotator "Gabriele Ballarin"]
[PlyCount "67"]
[EventDate "2012.01.13"]
[EventType "swiss"]
[EventRounds "5"]
[EventCountry "ITA"]

1. d4 Nf6 2. Nf3 g6 3. Nc3 d5 4. Bf4 Bg7 5. Qd2 Ne4 6. Nxe4 dxe4 7. Ne5 c5 8. O-O-O cxd4 9. Qxd4 Qxd4 10. Rxd4 f6 11. Nc4 b5 12. Bxb8 Rxb8 13. Na5 f5 14. Rd1 Be6 15. Kb1 Kf7 16. e3 a6 17. Be2 Rbc8 18. Rd2 Rc7 19. Rhd1 Rhc8 20. h4 Bf6 21. g3 h6 22. Nb3 Kg7 23. c3 g5 24. hxg5 hxg5 25. Rd8 Bxb3 26. axb3 Rxd8 27. Rxd8 g4 28. b4 Rc6 29. Bd1 Rd6 30. Rxd6 exd6 31. Bb3 Be7 32. Be6 Kf6 33. Bc8 Kg5 34. Bxa6 1-0

[Event "72.Camp. 5  Interprov.PD-RO"]
[Site "Monselice ITA"]
[Date "2012.01.14"]
[Round "2.3"]
[White "Rosina, Graziano"]
[Black "Quaranta, Cristiano"]
[Result "1-0"]
[WhiteElo "1824"]
[BlackElo "2075"]
[Annotator "Gabriele Ballarin"]
[PlyCount "54"]
[EventDate "2012.01.13"]
[EventType "swiss"]
[EventRounds "5"]
[EventCountry "ITA"]

1. Nf3 Nf6 2. c4 c5 3. Nc3 g6 4. g3 b6 5. Bg2 Bb7 6. O-O Bg7 7. d3 O-O 8. Bf4 d5 9. Qc1 d4 10. Nb5 Nbd7 11. Bh6 a6 12. Na3 Re8 13. Bxg7 Kxg7 14. Qg5 h6 15. Qd2 Qc7 16. Nc2 e5 17. e4 dxe3 18. Nxe3 Rad8 19. Nh4 Bxg2 20. Nhxg2 Nf8 21. Qc3 Ne6 22. Rfe1 Nd4 23. Kh1 Nf3 24. Re2 Qd7 25. Nf1 Qh3 26. Re3 Nxh2 27. Nxh2 Ng4 1-0

[Event "72.Camp. 5  Interprov.PD-RO"]
[Site "Monselice ITA"]
[Date "2012.01.14"]
[Round "2.4"]
[White "Scandiuzzi, Roberto"]
[Black "Zanirato, Stefano"]
[Result "0-1"]
[WhiteElo "1335"]
[BlackElo "1906"]
[Annotator "Gabriele Ballarin"]
[PlyCount "59"]
[EventDate "2012.01.13"]
[EventType "swiss"]
[EventRounds "5"]
[EventCountry "ITA"]

1. d4 e5 2. dxe5 Nc6 3. Nf3 Qe7 4. Bf4 Qb4+ 5. Nbd2 Qxf4 6. e6 fxe6 7. e3 Qb4 8. b3 Nf6 9. Bd3 d5 10. a3 Qd6 11. e4 dxe4 12. Nxe4 Nxe4 13. Bxe4 Qxd1+ 14. Rxd1 Bxa3 15. O-O Bd6 16. Ng5 g6 17. Rfe1 e5 18. Bd5 Nd8 19. f4 h6 20. Nf3 Kf8 21. fxe5 Bc5+ 22. Kh1 Be6 23. c4 c6 24. Nh4 cxd5 25. Nxg6+ Kg7 26. Nxh8 d4 27. b4 Bxb4 28. Rf1 Kxh8 29. Rxd4 Nc6 30. Rd6 0-1

[Event "72.Camp. 5  Interprov.PD-RO"]
[Site "Monselice ITA"]
[Date "2012.01.14"]
[Round "2.5"]
[White "Binder, Andrea"]
[Black "Mastrostefano, Ennio"]
[Result "1-0"]
[WhiteElo "1896"]
[BlackElo "1590"]
[Annotator "Gabriele Ballarin"]
[PlyCount "63"]
[EventDate "2012.01.13"]
[EventType "swiss"]
[EventRounds "5"]
[EventCountry "ITA"]

1. e4 e6 2. d3 d5 3. Nd2 d4 4. Ngf3 c5 5. g3 Nc6 6. Bg2 Qc7 7. O-O Bd6 8. Nc4 e5 9. Nxd6+ Qxd6 10. Nh4 Nge7 11. f4 f6 12. Nf3 Bg4 13. Bd2 exf4 14. gxf4 O-O 15. Qe1 Ng6 16. Nh4 Nxh4 17. Qxh4 f5 18. h3 fxe4 19. Qxg4 e3 20. Be1 Rf6 21. Be4 Rh6 22. Bh4 Re8 23. Bg5 Rhe6 24. Bf5 e2 25. Bxe6+ Rxe6 26. Rfe1 h6 27. f5 h5 28. Qf4 Qxf4 29. Bxf4 Rf6 30. Rxe2 Rxf5 31. Rf1 g5 32. Bh2 1-0

[Event "72.Camp. 5  Interprov.PD-RO"]
[Site "Monselice ITA"]
[Date "2012.01.14"]
[Round "2.6"]
[White "Renier, Renzo"]
[Black "Bau, Lorenzo"]
[Result "1-0"]
[WhiteElo "1997"]
[BlackElo "1440"]
[Annotator "Gabriele Ballarin"]
[PlyCount "31"]
[EventDate "2012.01.13"]
[EventType "swiss"]
[EventRounds "5"]
[EventCountry "ITA"]

1. e4 c5 2. Nf3 Nc6 3. d4 cxd4 4. Nxd4 Nxd4 5. Qxd4 a6 6. Nc3 e6 7. Bf4 b6 8. O-O-O Be7 9. Qxg7 Bf6 10. Qg3 Ne7 11. Bc7 Rg8 12. Qd6 Nf5 13. exf5 Qe7 14. Ne4 Bg5+ 15. f4 Bxf4+ 16. Qxf4 1-0

[Event "72.Camp. 5  Interprov.PD-RO"]
[Site "Monselice ITA"]
[Date "2012.01.14"]
[Round "2.7"]
[White "Rondelli, Roberto"]
[Black "Pilotto, Alessandro"]
[Result "1-0"]
[WhiteElo "1747"]
[BlackElo "1646"]
[Annotator "Gabriele Ballarin"]
[PlyCount "104"]
[EventDate "2012.01.13"]
[EventType "swiss"]
[EventRounds "5"]
[EventCountry "ITA"]

1. Nf3 e6 2. d4 d6 3. c4 g6 4. e4 Bg7 5. Nc3 Ne7 6. Be3 Nd7 7. Bd3 b6 8. O-O Bb7 9. Qd2 a6 10. b4 O-O 11. Bh6 Nc6 12. Bxg7 Kxg7 13. a3 Qf6 14. Qe3 Kh8 15. Bc2 Qg7 16. Ba4 Nf6 17. h3 Ne7 18. e5 Ne8 19. g4 dxe5 20. Nxe5 Nd6 21. c5 bxc5 22. bxc5 Ne8 23. Rab1 Nd5 24. Nxd5 Bxd5 25. Bc6 Bxc6 26. Nxc6 Nf6 27. Qe5 Nd5 28. Rb7 Qxe5 29. dxe5 Kg7 30. Rfb1 Kh6 31. Kg2 Kg5 32. Kg3 f5 33. exf6 Rxf6 34. h4+ Kh6 35. g5+ Kg7 36. gxf6+ Kxf6 37. Rb8 Rxb8 38. Rxb8 Nc3 39. Ra8 Ne4+ 40. Kf3 Nxc5 41. Nb8 h6 42. Nxa6 Nd3 43. Nxc7 Ne5+ 44. Kg3 g5 45. hxg5+ hxg5 46. Ra6 Nc4 47. Rxe6+ Kf7 48. a4 Na5 49. Re5 Nc6 50. Rxg5 Ke7 51. Rg6 Kd7 52. Rxc6 Kxc6 1-0

[Event "72.Camp. 5  Interprov.PD-RO"]
[Site "Monselice ITA"]
[Date "2012.01.14"]
[Round "2.8"]
[White "Calicchia, Giovanni"]
[Black "Carini, Massimo"]
[Result "1-0"]
[WhiteElo "1885"]
[BlackElo "2114"]
[Annotator "Gabriele Ballarin"]
[PlyCount "61"]
[EventDate "2012.01.13"]
[EventType "swiss"]
[EventRounds "5"]
[EventCountry "ITA"]

1. e4 e5 2. Nf3 Nf6 3. Nc3 Bb4 4. d3 d5 5. exd5 Nxd5 6. Bd2 O-O 7. Nxd5 Bxd2+ 8. Qxd2 Qxd5 9. Be2 Nc6 10. O-O Ne7 11. Rfe1 Ng6 12. g3 Bg4 13. Qe3 Rae8 14. Qe4 Qxe4 15. dxe4 Bxf3 16. Bxf3 Rd8 17. Rad1 Ne7 18. Kf1 Nc6 19. c3 Na5 20. Be2 b6 21. f3 Nb7 22. Kf2 Nd6 23. Rd5 f5 24. Ke3 fxe4 25. fxe4 Nf5+ 26. exf5 Rxd5 27. Bc4 c6 28. Ke4 Rfd8 29. Rd1 Kf7 30. Bxd5+ cxd5+ 31. Rxd5 1-0

[Event "72.Camp. 5  Interprov.PD-RO"]
[Site "Monselice ITA"]
[Date "2012.01.14"]
[Round "2.9"]
[White "Bruini, Andrea"]
[Black "Aprile, Martino"]
[Result "0-1"]
[WhiteElo "1660"]
[BlackElo "1917"]
[Annotator "Gabriele Ballarin"]
[PlyCount "92"]
[EventDate "2012.01.13"]
[EventType "swiss"]
[EventRounds "5"]
[EventCountry "ITA"]

1. e4 a6 2. d4 e6 3. Nf3 c5 4. Be2 cxd4 5. Nxd4 Nf6 6. Qd3 Qc7 7. c3 Bc5 8. Bg5 Qb6 9. Bxf6 gxf6 10. b3 Nc6 11. Nd2 Bxd4 12. cxd4 Qxd4 13. O-O Qxd3 14. Bxd3 Ke7 15. Nc4 b5 16. Ne3 Ne5 17. Be2 Bb7 18. f3 Rhc8 19. Rac1 Rxc1 20. Rxc1 Rc8 21. Rxc8 Bxc8 22. f4 Nc6 23. f5 Nd4 24. Bd3 d6 25. g4 h6 26. Kf2 Bb7 27. Kg3 Kf8 28. h3 Ke7 29. Kh4 Kf8 30. Kh5 Kg7 31. Kh4 Nf3+ 32. Kg3 Ng5 33. h4 Nxe4+ 34. Bxe4 Bxe4 35. b4 d5 36. Kf4 e5+ 37. Kg3 d4 38. Nf1 Bd3 39. Nd2 Bc2 40. Kf3 Kf8 41. a3 Ke7 42. Nf1 e4+ 43. Kf2 Bd1 44. Ng3 e3+ 45. Ke1 Bxg4 46. Ne4 d3 0-1

[Event "72.Camp. 5  Interprov.PD-RO"]
[Site "Monselice ITA"]
[Date "2012.01.14"]
[Round "2.10"]
[White "Quaranta, Gaetano"]
[Black "Lodi, Paolo"]
[Result "1-0"]
[WhiteElo "1825"]
[BlackElo "1607"]
[Annotator "Gabriele Ballarin"]
[PlyCount "65"]
[EventDate "2012.01.13"]
[EventType "swiss"]
[EventRounds "5"]
[EventCountry "ITA"]

1. d4 Nf6 2. Nf3 g6 3. Bf4 Bg7 4. Nc3 O-O 5. Qd2 Re8 6. Bh6 Bh8 7. e4 d6 8. h4 c5 9. h5 Qa5 10. hxg6 fxg6 11. Bg5 Nbd7 12. Bc4+ e6 13. Bxf6 Bxf6 14. Qh6 Nf8 15. O-O-O d5 16. Bd3 b5 17. Kb1 Qb6 18. e5 Bg7 19. Qh3 a5 20. Ng5 h6 21. Nf3 Bd7 22. Qg3 Re7 23. Bxg6 Nxg6 24. Qxg6 Be8 25. Qg3 Kf8 26. Rh4 Rf7 27. Rg4 Raa7 28. Nh4 Qd8 29. Ng6+ Kg8 30. Rh1 Kh7 31. Nf4 Qd7 32. Qd3+ Rf5 33. Rgh4 1-0

[Event "72.Camp. 5  Interprov.PD-RO"]
[Site "Monselice ITA"]
[Date "2012.01.14"]
[Round "2.11"]
[White "Alessi, Giovanni"]
[Black "Belloni, Umberto"]
[Result "0-1"]
[WhiteElo "1616"]
[BlackElo "1805"]
[Annotator "Gabriele Ballarin"]
[PlyCount "94"]
[EventDate "2012.01.13"]
[EventType "swiss"]
[EventRounds "5"]
[EventCountry "ITA"]

1. e4 e6 2. d4 d5 3. exd5 exd5 4. Nf3 Bd6 5. Nc3 Ne7 6. Bd3 Bg4 7. O-O Nbc6 8. Be3 a6 9. a3 h6 10. Kh1 Qd7 11. Na4 Nf5 12. c3 O-O 13. Qc2 Rae8 14. Rae1 Re7 15. Bd2 Rfe8 16. Ng1 Rxe1 17. Rxe1 Rxe1 18. Bxe1 Ncxd4 19. cxd4 Nxd4 20. Qd2 Qxa4 21. Qe3 Ne6 22. b4 b6 23. h3 Bf4 24. Bh7+ Kxh7 25. Qd3+ g6 26. hxg4 Qb5 27. Qc2 Qc4 28. Qa4 c6 29. Qd1 Qc1 30. Qe2 Qxa3 31. g3 Bd6 32. Qd2 a5 33. bxa5 bxa5 34. Kh2 Bb4 35. Qe2 Bxe1 36. Qxe1 Qb4 37. Qe5 Qd4 38. Qe1 Qxg4 39. Qxa5 Qd4 40. Kg2 c5 41. Nf3 Qe4 42. Qd2 Ng5 43. Qe3 Nxf3 44. Qxe4 dxe4 45. Kf1 c4 46. Ke2 c3 47. Kd1 Nd4 0-1

[Event "72.Camp. 5  Interprov.PD-RO"]
[Site "Monselice ITA"]
[Date "2012.01.14"]
[Round "2.12"]
[White "Lovisetto, Giampaolo"]
[Black "Aprile, Massimo"]
[Result "1-0"]
[WhiteElo "1597"]
[BlackElo "1630"]
[Annotator "Gabriele Ballarin"]
[PlyCount "125"]
[EventDate "2012.01.13"]
[EventType "swiss"]
[EventRounds "5"]
[EventCountry "ITA"]

1. d4 Nf6 2. c4 d6 3. e3 Nbd7 4. Nf3 c6 5. Nc3 e6 6. Be2 Be7 7. O-O O-O 8. b3 Qc7 9. Bb2 d5 10. cxd5 exd5 11. Rc1 Re8 12. Qc2 a6 13. Rfd1 Nf8 14. Ne5 Be6 15. Na4 N8d7 16. Bf3 Bd6 17. e4 dxe4 18. Bxe4 Nxe4 19. Qxe4 Bd5 20. Qxd5 Nxe5 21. dxe5 Bxe5 22. Bxe5 Qe7 23. Qd7 Qxe5 24. Qxb7 Qe2 25. Nc3 Qe6 26. Kf1 Qh6 27. h3 Qf4 28. Kg1 Rad8 29. Qxc6 Rc8 30. Qd6 Qg5 31. Qd2 Qa5 32. Ne2 Qxd2 33. Rxd2 Rb8 34. Kf1 Kf8 35. Rc7 Re6 36. Rdd7 Rbe8 37. Rxf7+ Kg8 38. Rxg7+ Kh8 39. Rxh7+ Kg8 40. Rhg7+ Kh8 41. g4 Rxe2 42. g5 Rxa2 43. Rh7+ Kg8 44. g6 Rae2 45. h4 R2e6 46. Rcg7+ Kf8 47. Ra7 Rxg6 48. Rh8+ Rg8 49. Rxg8+ Kxg8 50. Rxa6 Re4 51. h5 Rb4 52. Kg2 Rxb3 53. f3 Rb5 54. h6 Kh7 55. Kg3 Rh5 56. Kg4 Rxh6 57. Rxh6+ Kxh6 58. Kf5 Kg7 59. Ke6 Kf8 60. f4 Ke8 61. Kf6 Kf8 62. f5 Ke8 63. Kg7 1-0

[Event "72.Camp. 5  Interprov.PD-RO"]
[Site "Monselice ITA"]
[Date "2012.09.14"]
[Round "2.13"]
[White "De Vito, Angelo"]
[Black "Fornaciari, Alberto"]
[Result "1/2-1/2"]
[WhiteElo "1401"]
[BlackElo "1689"]
[Annotator "Gabriele Ballarin"]
[PlyCount "131"]
[EventDate "2012.01.13"]
[EventType "swiss"]
[EventRounds "5"]
[EventCountry "ITA"]

1. e4 c5 2. c3 d5 3. exd5 Qxd5 4. d4 Nc6 5. Nf3 cxd4 6. cxd4 e5 7. Nc3 Bb4 8. Bd2 Bxc3 9. bxc3 exd4 10. cxd4 Nxd4 11. Be2 Ne7 12. Nxd4 Qxd4 13. O-O O-O 14. Be3 Qxd1 15. Rfxd1 Be6 16. Bc5 Rfe8 17. Bb5 Nc6 18. Rd6 Rec8 19. a3 a6 20. Be2 Na5 21. Bb6 Nc4 22. Bxc4 Rxc4 23. Rad1 h6 24. h3 Rac8 25. Rd8+ Rxd8 26. Rxd8+ Kh7 27. Rd4 Rxd4 28. Bxd4 b5 29. Bc3 g5 30. Kf1 Bc4+ 31. Ke1 Kg6 32. g3 Be6 33. h4 gxh4 34. gxh4 Kf5 35. Ke2 Kg4 36. Bf6 Kf4 37. Ke1 Kf3 38. Be7 Ke4 39. Kd2 Kd4 40. Bb4 f5 41. Bc3+ Kc4 42. Bb4 Bd5 43. Kc2 Be4+ 44. Kb2 h5 45. Ba5 Kd3 46. Bc7 Ke2 47. Bb6 Kd3 48. Ba5 Bd5 49. Bb4 Kc4 50. Ba5 Be4 51. Bb4 Bd5 52. Ba5 f4 53. Bb4 f3 54. Ba5 Kd3 55. Bb6 Ke2 56. Kc3 Bf7 57. Kb4 Kd3 58. Be3 Ke4 59. Bb6 Bc4 60. Be3 Kd5 61. Bb6 Be2 62. Be3 Ke5 63. Bb6 Kf5 64. Bc7 Kg4 65. Bd8 Kh3 66. Be7 1/2-1/2

[Event "72.Camp. 5  Interprov.PD-RO"]
[Site "Monselice ITA"]
[Date "2012.01.14"]
[Round "3.1"]
[White "Quaranta, Cristiano"]
[Black "Gastiaburo, Hernan"]
[Result "1/2-1/2"]
[WhiteElo "2075"]
[BlackElo "2235"]
[Annotator "Gabriele Ballarin"]
[PlyCount "26"]
[EventDate "2012.01.13"]
[EventType "swiss"]
[EventRounds "5"]
[EventCountry "ITA"]

1. d4 Nf6 2. c4 e6 3. g3 Bb4+ 4. Bd2 Qe7 5. Nf3 Nc6 6. Nc3 Bxc3 7. Bxc3 Ne4 8. Rc1 O-O 9. Bg2 d6 10. d5 Nd8 11. dxe6 Nxe6 12. O-O a5 13. b3 Nxc3 1/2-1/2

[Event "72.Camp. 5  Interprov.PD-RO"]
[Site "Monselice ITA"]
[Date "2012.01.14"]
[Round "3.2"]
[White "Zanirato, Stefano"]
[Black "Borin, Fabio"]
[Result "0-1"]
[WhiteElo "1906"]
[BlackElo "2110"]
[Annotator "Gabriele Ballarin"]
[PlyCount "70"]
[EventDate "2012.01.13"]
[EventType "swiss"]
[EventRounds "5"]
[EventCountry "ITA"]

1. e4 d5 2. exd5 Qxd5 3. Nc3 Qa5 4. Be2 Nf6 5. Nf3 c6 6. d4 Bf5 7. O-O Nbd7 8. Bd2 e6 9. Ne4 Qc7 10. Ng3 Bg6 11. c4 Be7 12. Bc3 O-O 13. Ne5 Nxe5 14. dxe5 Nd7 15. f4 Rad8 16. Qc1 Nc5 17. b3 Nd3 18. Bxd3 Rxd3 19. Rd1 Rfd8 20. Rxd3 Rxd3 21. Qb2 Qb6+ 22. Kh1 Qe3 23. f5 exf5 24. Re1 Qh6 25. Nf1 Bh4 26. Rc1 Qf4 27. e6 fxe6 28. Bxg7 Qxc1 29. Qxc1 Kxg7 30. g3 Be7 31. c5 Bh5 32. Ne3 Bg5 33. Qb2+ Bf6 34. Qc1 Bf3+ 35. Kg1 Bd4 0-1

[Event "72.Camp. 5  Interprov.PD-RO"]
[Site "Monselice ITA"]
[Date "2012.01.14"]
[Round "3.3"]
[White "Rondelli, Roberto"]
[Black "Binder, Andrea"]
[Result "0-1"]
[WhiteElo "1747"]
[BlackElo "1896"]
[Annotator "Gabriele Ballarin"]
[PlyCount "106"]
[EventDate "2012.01.13"]
[EventType "swiss"]
[EventRounds "5"]
[EventCountry "ITA"]

1. Nf3 d6 2. d4 Nf6 3. c4 g6 4. Nc3 Bg7 5. e4 O-O 6. Be2 e5 7. dxe5 dxe5 8. Qxd8 Rxd8 9. Bg5 c6 10. O-O h6 11. Bh4 Re8 12. Bxf6 Bxf6 13. Rad1 Na6 14. a3 Nc5 15. b4 Ne6 16. c5 Nd4 17. Nd2 Nxe2+ 18. Nxe2 Bg4 19. f3 Be6 20. Nb1 Bc4 21. Kf2 Rad8 22. Nbc3 Bg5 23. Rxd8 Rxd8 24. Rd1 Rxd1 25. Nxd1 Bxe2 26. Kxe2 Bc1 27. Kd3 Bxa3 28. Kc4 Kf8 29. Nf2 Bb2 30. f4 exf4 31. Nd3 Ba1 32. Nxf4 Ke7 33. Ne2 Ke6 34. Nc1 Be5 35. Nb3 Bxh2 36. Na5 Bc7 37. Nxb7 h5 38. b5 Kd7 39. e5 cxb5+ 40. Kxb5 a6+ 41. Kxa6 Kc6 42. Nd6 Kxc5 43. Nxf7 Kd5 44. Kb5 Bxe5 45. Ng5 Bf4 46. Nf3 Ke4 47. Kc4 g5 48. Kc3 Ke3 49. Kc2 Kf2 50. Kd3 Kxg2 51. Ke4 Kf2 52. Nd4 h4 53. Ne6 h3 0-1

[Event "72.Camp. 5  Interprov.PD-RO"]
[Site "Monselice ITA"]
[Date "2012.01.14"]
[Round "3.4"]
[White "Aprile, Martino"]
[Black "Renier, Renzo"]
[Result "0-1"]
[WhiteElo "1917"]
[BlackElo "1997"]
[Annotator "Gabriele Ballarin"]
[PlyCount "48"]
[EventDate "2012.01.13"]
[EventType "swiss"]
[EventRounds "5"]
[EventCountry "ITA"]

1. e4 e5 2. Nf3 Nc6 3. Bc4 Bc5 4. c3 Nf6 5. d4 exd4 6. cxd4 Bb4+ 7. Bd2 Bxd2+ 8. Nbxd2 d5 9. exd5 Nxd5 10. O-O O-O 11. Nb3 Bg4 12. h3 Bh5 13. g4 Bg6 14. Ne5 Nxe5 15. dxe5 Nb6 16. Be2 Qh4 17. Kg2 Rad8 18. Qe1 Nd5 19. Qd2 f5 20. exf6 Qxf6 21. Kg1 Nf4 22. Bc4+ Kh8 23. Qe3 Qc6 24. Qg3 Qxc4 0-1

[Event "72.Camp. 5  Interprov.PD-RO"]
[Site "Monselice ITA"]
[Date "2012.01.14"]
[Round "3.5"]
[White "Franco, Alessandro P"]
[Black "Lovisetto, Giampaolo"]
[Result "1-0"]
[WhiteElo "1899"]
[BlackElo "1597"]
[Annotator "Gabriele Ballarin"]
[PlyCount "37"]
[EventDate "2012.01.13"]
[EventType "swiss"]
[EventRounds "5"]
[EventCountry "ITA"]

1. e4 e6 2. d4 d5 3. Nc3 c5 4. e5 Nc6 5. Be3 cxd4 6. Bxd4 Nge7 7. f4 Nf5 8. Nf3 Ncxd4 9. Nxd4 Qh4+ 10. g3 Nxg3 11. hxg3 Qxh1 12. Ndb5 Kd7 13. Qd4 Qf3 14. Rd1 Qxg3+ 15. Kd2 b6 16. Nxd5 exd5 17. Qxd5+ Ke8 18. Nc7+ Ke7 19. Qd6# 1-0

[Event "72.Camp. 5  Interprov.PD-RO"]
[Site "Monselice ITA"]
[Date "2012.01.14"]
[Round "3.6"]
[White "Belloni, Umberto"]
[Black "Calicchia, Giovanni"]
[Result "0-1"]
[WhiteElo "1808"]
[BlackElo "1885"]
[Annotator "Gabriele Ballarin"]
[PlyCount "72"]
[EventDate "2012.01.13"]
[EventType "swiss"]
[EventRounds "5"]
[EventCountry "ITA"]

1. d4 d5 2. c3 Nf6 3. Bf4 e6 4. Bg5 Be7 5. e3 Nbd7 6. f4 O-O 7. Bd3 c5 8. Nd2 b6 9. Bxf6 Nxf6 10. Qf3 Bb7 11. Ne2 Qd7 12. g4 Ne8 13. h4 f5 14. g5 Nd6 15. Ng3 Ne4 16. Bxe4 dxe4 17. Qf2 cxd4 18. cxd4 Ba6 19. Ne2 Qb5 20. Rb1 Rac8 21. Nc3 Qd7 22. a3 Bxa3 23. Na2 Be7 24. Nc3 Bb4 25. Na2 Bd3 26. Rd1 Qa4 27. Nc1 Bxd2+ 28. Qxd2 Rc2 29. b3 Qb5 30. Qxc2 Bxc2 31. Rd2 Bd3 32. Kf2 Rc8 33. Rhd1 Rc2 34. Rxc2 Bxc2 35. Rd2 Bd3 36. h5 Kf7 0-1

[Event "72.Camp. 5  Interprov.PD-RO"]
[Site "Monselice ITA"]
[Date "2012.01.14"]
[Round "3.7"]
[White "Schoonhoven, Edger"]
[Black "Scandiuzzi, Roberto"]
[Result "1-0"]
[WhiteElo "1880"]
[BlackElo "1335"]
[Annotator "Gabriele Ballarin"]
[PlyCount "61"]
[EventDate "2012.01.13"]
[EventType "swiss"]
[EventRounds "5"]
[EventCountry "ITA"]

1. Nf3 Nf6 2. c4 d5 3. cxd5 Nxd5 4. g3 e6 5. Bg2 Be7 6. O-O O-O 7. d4 c5 8. e4 Nb6 9. Nc3 cxd4 10. Nxd4 Bd7 11. e5 Nc6 12. Nxc6 Bxc6 13. Bxc6 bxc6 14. Qe2 Qc7 15. f4 f5 16. exf6 Rxf6 17. Rd1 Nc4 18. Qxc4 Qb6+ 19. Kg2 c5 20. Qe2 Qb7+ 21. Qe4 Qc8 22. Be3 Rb8 23. Rd2 Rb4 24. Qd3 Qb7+ 25. Kg1 Bf8 26. b3 Qc6 27. Rad1 Rb8 28. Qe4 Qb6 29. Na4 Qa5 30. Rc2 Rc8 31. Rdc1 1-0

[Event "72.Camp. 5  Interprov.PD-RO"]
[Site "Monselice ITA"]
[Date "2012.01.14"]
[Round "3.8"]
[White "Mastrostefano, Ennio"]
[Black "Quaranta, Gaetano"]
[Result "0-1"]
[WhiteElo "1590"]
[BlackElo "1825"]
[Annotator "Gabriele Ballarin"]
[PlyCount "62"]
[EventDate "2012.01.13"]
[EventType "swiss"]
[EventRounds "5"]
[EventCountry "ITA"]

1. e4 d5 2. exd5 Qxd5 3. Nc3 Qa5 4. Bc4 Nf6 5. d3 Bg4 6. Nge2 e6 7. Bd2 c6 8. Ne4 Qc7 9. Nxf6+ gxf6 10. Be3 Nd7 11. f3 Bh5 12. Ng3 Bg6 13. Qd2 Bd6 14. Bf2 Nb6 15. Bb3 Nd5 16. Bxd5 cxd5 17. Nf1 a5 18. Bg3 e5 19. Ne3 Qc6 20. a3 f5 21. c4 f4 22. Bxf4 exf4 23. Nxd5 O-O-O 24. O-O b6 25. b4 Rhe8 26. bxa5 bxa5 27. Rab1 Bxa3 28. Rb6 Bc5+ 29. d4 Bxb6 30. Nxb6+ Qxb6 31. c5 Qb4 0-1

[Event "72.Camp. 5  Interprov.PD-RO"]
[Site "Monselice ITA"]
[Date "2012.01.14"]
[Round "3.9"]
[White "Bau, Lorenzo"]
[Black "Rosina, Graziano"]
[Result "0-1"]
[WhiteElo "1440"]
[BlackElo "1824"]
[Annotator "Gabriele Ballarin"]
[PlyCount "102"]
[EventDate "2012.01.13"]
[EventType "swiss"]
[EventRounds "5"]
[EventCountry "ITA"]

1. e4 e5 2. Nf3 Nf6 3. d3 Nc6 4. c3 d5 5. Qc2 Bg4 6. Be2 Be7 7. Nbd2 O-O 8. Nf1 Bxf3 9. Bxf3 d4 10. Ng3 g6 11. O-O Qd7 12. Bh6 Rfd8 13. Rad1 Ng4 14. Bc1 Bf8 15. h3 Nh6 16. Bg5 f6 17. Bxf6 Be7 18. Bxe7 Nxe7 19. Rfe1 c5 20. Qc1 Nf7 21. Bg4 Qd6 22. c4 Kg7 23. h4 h5 24. Bh3 Qf6 25. Bf5 Qxh4 26. Be6 Rf8 27. Bxf7 Rxf7 28. Rf1 Raf8 29. Rd2 Ng8 30. Qe1 Nh6 31. f3 Qg5 32. Rdf2 h4 33. Nh1 Rf4 34. Qa5 b6 35. Qa4 R8f7 36. b4 cxb4 37. Qxb4 R4f6 38. Qd2 Rf4 39. Kh2 Qh5 40. Kg1 Ng8 41. Qe2 Qg5 42. Kh2 Nf6 43. Rg1 Nh5 44. g4 hxg3+ 45. Nxg3 Rh4+ 46. Kg2 Qxg3+ 47. Kf1 Qh3+ 48. Ke1 Nf4 49. Qd2 Qe6 50. Kd1 Nh3 51. Rh2 Rxf3 0-1

[Event "72.Camp. 5  Interprov.PD-RO"]
[Site "Monselice ITA"]
[Date "2012.01.14"]
[Round "3.10"]
[White "Carini, Massimo"]
[Black "De Vito, Angelo"]
[Result "1-0"]
[WhiteElo "2114"]
[BlackElo "1401"]
[Annotator "Gabriele Ballarin"]
[PlyCount "53"]
[EventDate "2012.01.13"]
[EventType "swiss"]
[EventRounds "5"]
[EventCountry "ITA"]

1. e4 d5 2. exd5 Qxd5 3. Nf3 Nf6 4. d4 Bg4 5. Be2 Nc6 6. O-O O-O-O 7. c4 Qd6 8. d5 Nb8 9. Nc3 Bxf3 10. Bxf3 e6 11. Nb5 Qb6 12. a4 Nc6 13. Be3 Qa5 14. dxc6 Rxd1 15. cxb7+ Kb8 16. Rfxd1 Be7 17. Bxa7+ Qxa7 18. Nxa7 Kxa7 19. Rd3 Rd8 20. Rxd8 Bxd8 21. b4 Be7 22. b5 Bc5 23. a5 Nd7 24. b6+ cxb6 25. axb6+ Kxb6 26. Ra8 Bd6 27. Rd8 1-0

[Event "72.Camp. 5  Interprov.PD-RO"]
[Site "Monselice ITA"]
[Date "2012.01.14"]
[Round "3.11"]
[White "Fornaciari, Alberto"]
[Black "Pilotto, Alessandro"]
[Result "1-0"]
[WhiteElo "1689"]
[BlackElo "1646"]
[Annotator "Gabriele Ballarin"]
[PlyCount "45"]
[EventDate "2012.01.13"]
[EventType "swiss"]
[EventRounds "5"]
[EventCountry "ITA"]

1. d4 e6 2. c4 d6 3. e4 g6 4. Nf3 Bg7 5. Be2 Ne7 6. Bg5 Nd7 7. Nc3 b6 8. O-O Bb7 9. Re1 O-O 10. Qd2 Nf6 11. e5 dxe5 12. dxe5 Nd7 13. Rad1 Bc8 14. c5 c6 15. Ne4 b5 16. Nf6+ Bxf6 17. Bxf6 Qe8 18. Qh6 Nf5 19. Qh3 Nxf6 20. exf6 e5 21. g4 Nd4 22. Nxd4 exd4 23. Qh6 1-0